Státy bez letiště - Statistics

General Stats
  • This quiz has been taken 136 times
  • The average score is 4 of 5
Answer Stats
Rozloha v km² Stát % Correct
0.3 Vatikán
99%
38.0 San Marino
89%
1.3 Monako
83%
98.2 Lichtenštejnsko
73%
290.6 Andorra
70%
No matching quizzes found
Score Distribution
Percent of People with Each Score
Percentile by Number Answered
Your Score History
You have not taken this quiz